| 000 | 00889nam a22002057a 4500 | ||
|---|---|---|---|
| 001 | EIF-IV-1999-M4-007 | ||
| 003 | OSt | ||
| 005 | 20221108185505.0 | ||
| 008 | 221108b |||||||| |||| 00| 0 eng d | ||
| 040 |
_aFundación Jesús Pereda _cFundación Jesús Pereda |
||
| 041 | _aCastellano | ||
| 100 |
_uLondon School of Economics _aChristiansen, Thomas _9360 |
||
| 111 |
_aEncuentro de Investigadores del Franquismo _c(Valencia. _d1999. _n4º) _996 |
||
| 245 |
_aElasticidad-precio de la oferta en el sector agrario en España entre 1939 y 1953. _bUna reinterpretación del mercado del trigo _c/Thomas Christiansen |
||
| 650 | 0 |
_9190 _aAgricultura |
|
| 650 | 0 |
_9219 _aEconomía |
|
| 773 |
_tActas del IV Encuentro de Investigadores del Franquismo _g481-487 p. |
||
| 856 | _uhttps://bibliotecaccoocyl.fundacionjesuspereda.es/cgi-bin/koha/opac-retrieve-file.pl?id=5b96bb7895e076644404106f2bbe0c63 | ||
| 942 |
_2ddc _cCF _n0 |
||
| 999 |
_c187 _d187 |
||